<?xml version="1.0" encoding="UTF-8"?>
<record
    xmlns:xsi="http://www.w3.org/2001/XMLSchema-instance"
    xsi:schemaLocation="http://www.loc.gov/MARC21/slim http://www.loc.gov/standards/marcxml/schema/MARC21slim.xsd"
    xmlns="http://www.loc.gov/MARC21/slim">

  <leader>01624    a2200205   4500</leader>
  <controlfield tag="001">47797</controlfield>
  <controlfield tag="005">20260407155744.0</controlfield>
  <controlfield tag="008">260407a1985    arg                 spa d</controlfield>
  <controlfield tag="003">AR-UNSa-BCEJYS</controlfield>
  <datafield tag="040" ind1=" " ind2=" ">
    <subfield code="a">AR-UNSa-BCEJYS</subfield>
    <subfield code="b">spa</subfield>
    <subfield code="c">AR-UNSa-BCEJYS</subfield>
  </datafield>
  <datafield tag="080" ind1=" " ind2=" ">
    <subfield code="a">658.15</subfield>
    <subfield code="x">Administraci&#xF3;n financiera privada. Gesti&#xF3;n financiera de empresas
</subfield>
  </datafield>
  <datafield tag="245" ind1="1" ind2="0">
    <subfield code="a">Introducci&#xF3;n al an&#xE1;lisis de decisiones financieras</subfield>
  </datafield>
  <datafield tag="020" ind1=" " ind2=" ">
    <subfield code="a">950-541-024-7</subfield>
  </datafield>
  <datafield tag="264" ind1=" " ind2="1">
    <subfield code="a">Buenos Aires :</subfield>
    <subfield code="b">Ediciones Contabilidad Moderna</subfield>
    <subfield code="c">1985</subfield>
  </datafield>
  <datafield tag="300" ind1=" " ind2=" ">
    <subfield code="a">382 p.</subfield>
    <subfield code="c">22 cm.</subfield>
  </datafield>
  <datafield tag="505" ind1=" " ind2=" ">
    <subfield code="a">Parte I: INTRODUCCI&#xD3;N: 1. Alcances y objetivos de las finanzas  -- Parte II: 2. Decisiones de inversi&#xF3;n - 3. Criterios para el an&#xE1;lisis de inversi&#xF3;n - 4. Tasas de rentabilidad versus valor presente neto - 5. Definici&#xF3;n del flujo de fondos - 6. An&#xE1;lisis de inversiones en condiciones de incertidumbres - 7. An&#xE1;lisis de portafolios de inversiones - 8. Fundamentos te&#xF3;ricos sobre riesgo y retorno - 9. El retorno requerido para los proyectos - 10. La inflaci&#xF3;n y el an&#xE1;lisis de inversiones fijas y de activos de trabajo  -- Parte III: 11. Los elementos del an&#xE1;lisis de decisiones de financiamiento - 12. C&#xE1;lculo del costo de las deudas - 13. El "leverage" y sus efectos - 14. Decisiones de estructura financiera - 15. La determinaci&#xF3;n del nivel de endeudamiento en la pr&#xE1;ctica - 16. Elementos para algunas decisiones en moneda extranjera  - Parte IV: 17. Factores que influyen la pol&#xED;tica de dividendos - 18. Dividendos y su relaci&#xF3;n con inversiones y financiamientos. </subfield>
  </datafield>
  <datafield tag="942" ind1=" " ind2=" ">
    <subfield code="c">BK</subfield>
  </datafield>
  <datafield tag="590" ind1=" " ind2=" ">
    <subfield code="a">niveau_biblio:m niveau_hierar:0</subfield>
  </datafield>
  <datafield tag="100" ind1="1" ind2=" ">
    <subfield code="a">Pascale, Ricardo</subfield>
  </datafield>
  <datafield tag="999" ind1=" " ind2=" ">
    <subfield code="c">4465</subfield>
    <subfield code="d">4465</subfield>
  </datafield>
  <datafield tag="952" ind1=" " ind2=" ">
    <subfield code="0">0</subfield>
    <subfield code="1">0</subfield>
    <subfield code="4">0</subfield>
    <subfield code="7">0</subfield>
    <subfield code="a">BCEJYS</subfield>
    <subfield code="b">BCEJYS</subfield>
    <subfield code="c">16</subfield>
    <subfield code="d">2026-04-07</subfield>
    <subfield code="l">0</subfield>
    <subfield code="o">658.15 P278i</subfield>
    <subfield code="p">L39579</subfield>
    <subfield code="r">2026-04-07 15:57:44</subfield>
    <subfield code="w">2026-04-07</subfield>
    <subfield code="y">L</subfield>
  </datafield>
</record>
